000 00666cam a2200229 4500
008 090401t1982 xxu||||| |||| 00| 0 eng d
020 _a0854061681
022 _a0141-1462
035 _a(Sirsi) u35208
041 _aeng
050 _a711.026
090 _aRICS 1982/41ABC
110 _aRoyal Institution of Chartered Surveyors
_bPlanning and Development Division
_9956
245 4 _aThe need for planning permission: a guide for practitioners
250 _a2nd
260 _aLondon
_bSurveyors Publications
_c1982
300 _a13p. 30cm
350 _a0
490 _aRICS Planning and Development Practice Note
_v2
942 _n0
948 _c04/03/1997
999 _c90069
_d90069